| 000 | 00721cam a22002651 4500 | ||
|---|---|---|---|
| 001 | sa 66004046 | ||
| 003 | DLC | ||
| 005 | 20260227112240.0 | ||
| 008 | 801118s1965 ii b 000 0 eng | ||
| 010 | _asa 66004046 | ||
| 025 | _aPL480: I-E-4789 | ||
| 035 | _a(OCoLC)6949324 | ||
| 040 |
_aDLC _cNNU _dDLC |
||
| 042 | _apremarc | ||
| 050 | 0 | 0 |
_aHG1572 _b.B3 1965 |
| 082 | _a332.1 | ||
| 100 | 1 | _aBasu, Saroj Kumar. | |
| 245 | 1 | 2 |
_aA survey of contemporary banking trends, _cby S. K. Basu. |
| 250 | _a3d rev. ed. | ||
| 260 |
_aCalcutta, _bBook Exchange, _c1965. |
||
| 300 |
_axiv, 502 p. _c23 cm. |
||
| 504 | _aBibliography: p. [489]-496. | ||
| 650 | 0 | _aBanks and banking. | |
| 650 | 0 |
_aBanks and banking _zIndia. |
|
| 999 |
_c69216 _d69216 |
||